Personnages interprétés par Louis de Funès - Clic quiz d'images - Statistiques

Statistiques générales
  • Ce quiz a été pris 145 fois
  • Le résultat moyen est 9 sur 16
Statistiques - réponses
Hint Réponse % Correct
Ludovic Cruchot
94%
Harpagon
81%
Don Salluste
70%
Stanislas Lefort
69%
Victor Pivert
66%
Charles Duchemin
65%
Jambier
64%
Claude Ratinier
59%
Hubert de Tartas
59%
Guillaume Daubray-Lacaze
52%
Paul Juve
52%
Septime
48%
Léopold Saroyan
45%
Bertrand Barnier
38%
Antoine Brisebard
37%
Louis-Philippe Fourchaume
33%
Aucun quiz correspondant
Distribution des résultats
% des personnes avec chaque résultat
Percentile par nombre de réponses
Votre historique - résultats
Vous n’avez pas pris ce quiz